ბათუმის შოთა რუსთაველის სახელმწიფო უნივერსიტეტის ბიბლიოთეკა

Подросток : (ბიბ.ჩანაწერი № 49636)

000 -LEADER
fixed length control field 00709nam a2200241Ia 4500
001 - CONTROL NUMBER
control field 16568
003 - CONTROL NUMBER IDENTIFIER
control field GE_BSU
005 - DATE AND TIME OF LATEST TRANSACTION
control field 20250204115312.0
008 - FIXED-LENGTH DATA ELEMENTS--GENERAL INFORMATION
fixed length control field 181216s||||||||xx |||||||||||||| ||und||
040 ## - CATALOGING SOURCE
Transcribing agency GE_BSU
041 ## - LANGUAGE CODE
Language code of text/sound track or separate title rus
080 ## - UNIVERSAL DECIMAL CLASSIFICATION NUMBER
Universal Decimal Classification number 821.161.1-31 Д-70
100 ## - MAIN ENTRY--PERSONAL NAME
Personal name Достоевский, Ф.М.
9 (RLIN) 24157
245 ## - TITLE STATEMENT
Title Подросток :
Remainder of title Роман /
Statement of responsibility, etc. Ф. М. Достоевский ; Вступит. статья Л. М. Розенбюм ; Ред. Н. Н. Ермолаева.
260 ## - PUBLICATION, DISTRIBUTION, ETC.
Place of publication, distribution, etc. Москва
260 ## - PUBLICATION, DISTRIBUTION, ETC.
Name of publisher, distributor, etc. Правда
260 ## - PUBLICATION, DISTRIBUTION, ETC.
Date of publication, distribution, etc. 1984
300 ## - PHYSICAL DESCRIPTION
Extent 608 стр. ;
Dimensions 21см.
653 ## - INDEX TERM--UNCONTROLLED
keyword Подросток
653 ## - INDEX TERM--UNCONTROLLED
keyword Роман
942 ## - ADDED ENTRY ELEMENTS (KOHA)
Koha item type წიგნი
Source of classification or shelving scheme
ეგზემპლარები
Withdrawn status Lost status Source of classification or shelving scheme Damaged status Not for loan Permanent Location Current Location Shelving location Date acquired Cost, normal purchase price Full call number Barcode Date last seen Copy number Price effective from Koha item type Public note
          ბათუმის შოთა რუსთაველის სახელმწიფო უნივერსიტეტის მთავარი ბიბლიოთეკა ბათუმის შოთა რუსთაველის სახელმწიფო უნივერსიტეტის მთავარი ბიბლიოთეკა წიგნსაცავი 2018-12-17 5.00 821.161.1-31 Д-70 27648 2018-12-17 27648 2018-12-17 წიგნი 5.00 ₾.